000 02769nam0a2200457 4500
001 RU\NLR\bibl\406182
005 20250622165818.0
010 _a5-93392-058-4
_bВ пер.
_93500
021 _aRU
_b2003-18411
_9845
035 _a(NLR Aleph) 000400302
090 _a570936
_c570936
100 _a20030530d2002 |||y0rusy50 ca
101 1 _arus
_geng
102 _aRU
105 _aa |||||||||
200 1 _aOpel Astra & Zafira
_eМодели с дизел. двигателями, [1998-2000]
_eРемонт и техн. обслуживание
_e[Перевод]
_fМартин Рэндалл, А. К. Легг
210 _aСПб.
_cАлфамер паблишинг
_d2002
215 _a360 с. разд. паг.
_cил.
_d28
225 1 _aИз серии "Руководства по обслуживанию и ремонту"
_vР153
300 _aНа пер. авт. не указаны
320 _aПредм. указ. в конце кн.
606 0 _aАвтомобили "Опель Астра"
_jРуководства, пособия и т.п.
_xРемонт
_92210005
_3RU\NLR\auth\661327620
606 0 _aАвтомобили "Опель Астра"
_jРуководства, пособия и т.п.
_xТехническое обслуживание
_92210002
_3RU\NLR\auth\661327618
606 0 _aАвтомобили "Опель Зафира"
_jРуководства, пособия и т.п.
_xРемонт
_92291879
_3RU\NLR\auth\661372569
606 0 _aАвтомобили "Опель Зафира"
_jРуководства, пособия и т.п.
_xТехническое обслуживание
_92291906
_3RU\NLR\auth\661372585
606 0 _aOpel "Astra", легковые автомобили
_jРуководства, пособия и т.п.
_xРемонт
_92209998
_3RU\NLR\auth\661327616
606 0 _aOpel "Astra", легковые автомобили
_jРуководства, пособия и т.п.
_xТехническое обслуживание
_92210000
_3RU\NLR\auth\661327617
606 0 _aOpel "Zafira", легковые автомобили
_jРуководства, пособия и т.п.
_xРемонт
_92291877
_3RU\NLR\auth\661372568
606 0 _aOpel "Zafira", легковые автомобили
_jРуководства, пособия и т.п.
_xТехническое обслуживание
_92291905
_3RU\NLR\auth\661372584
675 _a621.33.08
_v3
_zrus
686 _a45
_2rugasnti
686 _a39.33-08
_2rubbk
686 _aО335.52-08я7"Opel"
700 1 _aРэндалл
_bМ.
_gМартин
_4070
701 1 _aЛегг
_bА. К.
_4070
801 0 _aRU
_bRKP
_c20030530
_gPSBO
801 1 _aRU
_bRKP
_c20030530
801 2 _aRU
_bNLR
_c20040209
_grcr
942 _cBOOK
980 _aNB